000 00432nam a2200169 a 4500
001 0000-9174
003 ELIB.Books
008 110520 1968
035 _a(ELIB.Books)0000-9326
082 _a260
_bMad
100 _aMadsen, Paul O.
245 _aVentures in Mission
260 _bNew York: Friendship Press
_c1968
650 _aChristian Church - Society
942 _2ddc
_cBK
998 _cbat
_e2011-05-20
999 _c9174
_d9174